MS/Thesis:A High Throughput In Silico Pipeline to Discover Potential Therapeutic Targets in Prokaryotic Pathogens (Record no. 530168)
[ view plain ]
| 000 -LEADER | |
|---|---|
| fixed length control field | 00461nam a22001457a 4500 |
| 003 - CONTROL NUMBER IDENTIFIER | |
| control field | NUST |
| 005 - DATE AND TIME OF LATEST TRANSACTION | |
| control field | 20191011155910.0 |
| 038 ## - RECORD CONTENT LICENSOR | |
| Staff Name | Nusrat Nadeem |
| 082 ## - DEWEY DECIMAL CLASSIFICATION NUMBER | |
| Classification number | 004.12 RIZ |
| 100 ## - MAIN ENTRY--PERSONAL NAME | |
| Personal name | RIZWAN MUHAMMAD |
| 9 (RLIN) | 23559 |
| 245 ## - TITLE STATEMENT | |
| Title | MS/Thesis:A High Throughput In Silico Pipeline to Discover Potential Therapeutic Targets in Prokaryotic Pathogens |
| Statement of responsibility, etc. | MUHAMMAD RIZWAN |
| 260 ## - PUBLICATION, DISTRIBUTION, ETC. | |
| Place of publication, distribution, etc. | Islamabad |
| Name of publisher, distributor, etc. | RCMS NUST |
| Date of publication, distribution, etc. | 2016 |
| 700 ## - ADDED ENTRY--PERSONAL NAME | |
| Relator code | Dr. Jamil Ahmed (Supervisor) |
| 942 ## - ADDED ENTRY ELEMENTS (KOHA) | |
| Source of classification or shelving scheme | |
| Koha item type | Thesis |
| Withdrawn status | Lost status | Source of classification or shelving scheme | Damaged status | Not for loan | Permanent Location | Current Location | Shelving location | Date acquired | Total Checkouts | Full call number | Barcode | Date last seen | Price effective from | Koha item type |
|---|---|---|---|---|---|---|---|---|---|---|---|---|---|---|
| Central Library (CL) | Central Library (CL) | Thesis | 03/19/2020 | 004 | CL-T-5612 | 03/19/2020 | 03/19/2020 | Thesis | ||||||
| School of Interdisciplinary Engineering and Sciences (SINES) | School of Interdisciplinary Engineering and Sciences (SINES) | Thesis | 10/11/2019 | 004.12 RIZ | RCMS003043 | 10/11/2019 | 10/11/2019 | Thesis |
